Η συμβολή των μουσείων φυσικής ιστορίας στην περιβαλλοντική ευαισθητοποίηση των μαθητών : μελέτη περίπτωσης το μουσείο φυσικής ιστορίας Γαία-Γουλανδρή : διπλωματική εργασία [μεταπτυχιακή εργασία]

Αποθηκεύτηκε σε:
Λεπτομέρειες βιβλιογραφικής εγγραφής
Κύριος συγγραφέας: Καράνης, Ευάγγελος
Συγγραφή απο Οργανισμό/Αρχή: Πανεπιστήμιο Αιγαίου Σχολή Ανθρωπιστικών Επιστημών Τμήμα Επιστημών της Προσχολικής Αγωγής και του Εκπαιδευτικού Σχεδιασμού Πρόγραμμα Μεταπτυχιακών Σπουδών Περιβαλλοντική Εκπαίδευση
Άλλοι συγγραφείς: Καΐλα, Μαρία Α. (Εισηγητής διατριβής)
Μορφή: Thesis Βιβλίο
Γλώσσα:Greek
Δημοσίευση: 2011
Θέματα:
Διαθέσιμο Online:http://hdl.handle.net/11610/15945
Ετικέτες: Προσθήκη ετικέτας
Δεν υπάρχουν, Καταχωρήστε ετικέτα πρώτοι!

MARC

LEADER 00000cam a2200000 i 4500
001 1/18576
008 120323s2011 gre d
035 |l 10112120 
040 |a GR-MY-UA  |b gre  |e aacr 
041 0 |a gre 
082 0 |a 069.15  |2 (22) 
100 1 |a Καράνης, Ευάγγελος. 
245 1 2 |a Η συμβολή των μουσείων φυσικής ιστορίας στην περιβαλλοντική ευαισθητοποίηση των μαθητών :  |b μελέτη περίπτωσης το μουσείο φυσικής ιστορίας Γαία-Γουλανδρή : διπλωματική εργασία [μεταπτυχιακή εργασία] /  |c Καράνης Ευάγγελος ; επιβλέπουσα: Καϊλα Μαρία 
260 |c 2011 
300 |a 218 σ.;  |c 30 εκ. 
500 |a Μέλη εξεταστικής επιτροπής: Φώκιαλη Πέρσεφόνη, Κουτσούμπας Δρόσος 
502 |a Διατριβή (μεταπτυχιακή) – Πανεπιστήμιο Αιγαίου, Ρόδος, 2011. 
504 |a Βιβλιογραφία: σ. 127-136 
650 0 0 |a Museums  |x Educational aspects. 
650 0 0 |a Physical sciences  |x Study and teaching. 
650 0 0 |a Museums and schools. 
650 0 0 |a Environmental education. 
650 0 0 |a Dissertations, Academic  |z Greece. 
700 1 |4 ths  |a Καΐλα, Μαρία Α. 
710 2 |a Πανεπιστήμιο Αιγαίου  |b Σχολή Ανθρωπιστικών Επιστημών  |b Τμήμα Επιστημών της Προσχολικής Αγωγής και του Εκπαιδευτικού Σχεδιασμού  |b Πρόγραμμα Μεταπτυχιακών Σπουδών Περιβαλλοντική Εκπαίδευση. 
852 |a INST  |b RHODES  |c DIATR  |e 20120323  |h 069.15 ΚΑΡ  |p 005400034213  |q 005400034213  |t MTXE  |y 23 
852 |a INST  |b RHODES  |c DIATR  |e 20120323  |h 069.15 ΚΑΡ  |p 005400034214  |q 005400034214  |t MTXE  |y 23 
856 |u http://hdl.handle.net/11610/15945 
901 |a BIBL4-2012-1 
909 |a Ρ  |b 170862 
909 |a Ρ  |b 170863 
924 |a ΚΑΡΑΝΗΣ  |b ΕΥΑΓΓΕΛΟΣ  |y ΡΟΔΟΣ  |z 2011 
970 |z 2012/03/23